000 00591 a2200145 4500
005 20250602073938.0
020 _a0-7517-1605-7
082 _aLECT 657.45 AAT
111 _aAAT
245 _aTechnician unit 17: Implementing audit procedures: for assessments in December 2004 and June 2005.
260 _aLondon,
_bBPP Professional Education,
_c2004.
300 _axviii, 396p.: ill.; figure, picture, table.
_bIndex,
_c30cm.
856 _yAccess online book
_fTechnician unit 17: Implementing audit procedures: for assessments in December 2004 and June 2005
_dwww.bpp.com
942 _2ddc
_cBKS
999 _c2951
_d2951